00676nam a2200217Ia 4500003000900000008004100009040001300050040001300063041000800076100001300084245003100097250001200128260002100140260000900161300001200170490000600182600004800188942000700236999001700243952019800260IT-RoPAU120407s9999 xx 000 0 und d aIT-RoPAU cIT-RoPAU aita aKarl May aL’uomo dal lungo fucile. aCatania aEdizioni Paoline c1972 c18,5 cm v1 a"1° v. 381 p. 2° v. 369 p. 3° v. 382 p." cBK c17422d17422 00102ddc406830_12000000000000071aPAULUSbPAULUSd2012-04-11l0o830.12r2012-04-11 00:00:00w2012-04-11yBKzInserito da: Jole In data: 12 settembre 2011 fondo: Via A.Severo 56 Progr:17989